[Event "USA tt"]
[Site "ICC INT"]
[Date "2008.10.06"]
[Round "7"]
[White "Adamson, Robby"]
[Black "Galofre, Charles A"]
[Result "0-1"]
[WhiteElo "2346"]
[BlackElo "2320"]
[PlyCount "102"]
[EventDate "2008.10.22"]
[EventType "team"]
[EventRounds "10"]
[EventCountry "USA"]
[SourceTitle "CBM 126 Extra"]
[Source "ChessBase"]
[SourceDate "2008.11.05"]
[SourceVersion "1"]
[SourceVersionDate "2008.11.05"]
[SourceQuality "1"]

1. e4 e5 2. Nf3 Nc6 3. Bb5 Nf6 4. 0-0 Nxe4 5. Re1 Nd6 6. Nxe5 Be7 7. Bf1 0-0 8. d4 Nf5 9. c3 Nxe5 10. Rxe5 d6 11. Re1 d5 12. Nd2 Be6 13. Nf3 c5 14. Bd3 c4 15. Bc2 b5 16. Ne5 Rc8 17. Qf3 Nh4 18. Qg3 Bf5 19. Bxf5 Nxf5 20. Qg4 g6 21. Bf4 f6 22. Nxg6 hxg6 23. Qxg6+ Ng7 24. Bh6 Rf7 25. Re3 Qd7 26. Rg3 Bd6 27. Rf3 Rc6 28. Re1 Bf8 29. Bf4 f5 30. Qg3 Rff6 31. Be5 Rg6 32. Qf4 Rg4 33. Qd2 Rcg6 34. g3 Re4 35. Rfe3 Ne6 36. f4 a5 37. Rf1 b4 38. Rxe4 dxe4 39. d5 e3 40. Qe2 Qxd5 41. Qh5 Rh6 42. Qxf5 e2 43. Qg4+ Kh7 44. Qf5+ Kg8 45. Qg4+ Kf7 46. Qxe2 Bc5+ 47. Rf2 Qd3 48. Qe1 Qc2 49. Bd4 Nxd4 50. Qe3 Qxf2+ 51. Kxf2 Ne6 0-1

[Event "USA tt"]
[Site "ICC INT"]
[Date "2008.09.08"]
[Round "3"]
[White "Shankland, Samuel L"]
[Black "Galofre, Charles A"]
[Result "1-0"]
[WhiteElo "2368"]
[BlackElo "2320"]
[PlyCount "93"]
[EventDate "2008.10.22"]
[EventType "team"]
[EventRounds "10"]
[EventCountry "USA"]
[SourceTitle "CBM 126 Extra"]
[Source "ChessBase"]
[SourceDate "2008.11.05"]
[SourceVersion "1"]
[SourceVersionDate "2008.11.05"]
[SourceQuality "1"]

1. e4 e5 2. Nf3 Nc6 3. d4 exd4 4. Nxd4 Nf6 5. Nxc6 bxc6 6. e5 Qe7 7. Qe2 Nd5 8. c4 Nb6 9. Nc3 Qe6 10. b3 a5 11. g3 a4 12. Rb1 Bb4 13. Bd2 Ba6 14. Bg2 0-0 15. 0-0 Bxc3 16. Bxc3 d5 17. f4 f5 18. Qf3 Rad8 19. Rfd1 Rf7 20. cxd5 cxd5 21. Bd4 axb3 22. axb3 Bb7 23. Rdc1 Rc8 24. Ra1 Ra8 25. Qc3 Rd7 26. Qb4 Rxa1 27. Rxa1 Rd8 28. Ra7 Qc6 29. Qc5 Rc8 30. h3 h6 31. g4 g6 32. Kh2 h5 33. gxf5 gxf5 34. Qe7 Qh6 35. Kg3 Qg6+ 36. Qg5 Qxg5+ 37. fxg5 Bc6 38. Kf4 Nd7 39. e6 Nf8 40. e7 Ng6+ 41. Kxf5 Nh4+ 42. Ke5 Nxg2 43. Ra6 Bb5 44. Ra5 Bd7 45. Rxd5 Bxh3 46. Rd8+ Kf7 47. e8Q+ 1-0

[Event "New England Masters"]
[Site "Pawtucket"]
[Date "2008.08.13"]
[Round "5"]
[White "Rosenberg, Evan"]
[Black "Galofre, Charles A"]
[Result "0-1"]
[WhiteElo "2182"]
[BlackElo "2320"]
[PlyCount "70"]
[EventDate "2008.08.11"]
[EventType "swiss"]
[EventRounds "9"]
[EventCountry "USA"]
[SourceTitle "CBM 125 Extra"]
[Source "ChessBase"]
[SourceDate "2008.09.01"]
[SourceVersion "1"]
[SourceVersionDate "2008.09.01"]
[SourceQuality "1"]

1. d4 d5 2. c4 c6 3. Nf3 Nf6 4. Nc3 e6 5. Bg5 Nbd7 6. e3 Qa5 7. Nd2 dxc4 8. Bxf6 Nxf6 9. Nxc4 Qc7 10. Rc1 Be7 11. Bd3 0-0 12. 0-0 Rd8 13. Ne4 Nxe4 14. Bxe4 Bd7 15. Qh5 g6 16. Qh6 Rac8 17. Ne5 Be8 18. f4 Bf8 19. Qh3 Qb6 20. Rf2 Rc7 21. Rcf1 f5 22. Bd3 c5 23. g4 cxd4 24. e4 fxe4 25. Bxe4 Rg7 26. Kh1 Bb5 27. Nd3 Re8 28. Re1 Qa5 29. Ra1 Bd6 30. a3 Qc7 31. f5 exf5 32. Bd5+ Kh8 33. gxf5 Re3 34. Qh4 gxf5 35. Rc1 Qxc1+ 0-1

[Event "Philadelphia op"]
[Site "Philadelphia"]
[Date "2008.06.29"]
[Round "6"]
[White "MacKinnon, Keith"]
[Black "Galofre, Charles A"]
[Result "0-1"]
[WhiteElo "2029"]
[BlackElo "2318"]
[PlyCount "112"]
[EventDate "2008.06.26"]
[EventType "swiss"]
[EventRounds "9"]
[EventCountry "USA"]
[SourceTitle "CBM 125 Extra"]
[Source "ChessBase"]
[SourceDate "2008.09.01"]
[SourceVersion "1"]
[SourceVersionDate "2008.09.01"]
[SourceQuality "1"]

1. e4 e5 2. Nf3 Nc6 3. Bb5 Nf6 4. 0-0 Nxe4 5. d4 Nd6 6. Bxc6 dxc6 7. dxe5 Nf5 8. Qxd8+ Kxd8 9. Bg5+ Ke8 10. Nc3 Be6 11. Ne4 h6 12. Bd2 Rd8 13. Rad1 Be7 14. Bc3 b6 15. b3 c5 16. Rfe1 a5 17. Rd2 Rxd2 18. Nexd2 Kd7 19. Nf1 a4 20. N1d2 Ra8 21. Rb1 axb3 22. axb3 Ra2 23. Rb2 Ra3 24. Rb1 Bf8 25. Ra1 Rxa1+ 26. Bxa1 Ne7 27. Bb2 Bf5 28. c3 Nc6 29. Nc4 Bc2 30. Nfd2 g5 31. g3 Ke6 32. f4 Bd3 33. Kf2 b5 34. Ne3 Ne7 35. Kf3 Ng6 36. Ng4 gxf4 37. gxf4 h5 38. Nf6 Nxf4 39. Nde4 Ng6 40. Nxh5 Nxe5+ 41. Kf4 Bh6+ 42. Ng5+ Bxg5+ 43. Kxg5 Nf3+ 44. Kf4 Nxh2 45. Kg3 Nf1+ 46. Kf2 Kf5 47. Ng7+ Ke4 48. Ne8 Nh2 49. Kg3 Nf1+ 50. Kf2 Nd2 51. b4 Bc4 52. Nxc7 Kd3 53. Na6 Kc2 54. Ba3 Nb1 55. bxc5 Nxa3 56. c6 Be6 0-1

[Event "Miami op"]
[Site "Miami"]
[Date "2007.09.28"]
[Round "4"]
[White "Galofre, Charles A"]
[Black "Medina, Rodelay"]
[Result "1/2-1/2"]
[WhiteElo "2247"]
[BlackElo "2159"]
[PlyCount "90"]
[EventDate "2007.09.26"]
[EventType "swiss"]
[EventRounds "9"]
[EventCountry "USA"]
[SourceTitle "CBM 120 Extra"]
[Source "ChessBase"]
[SourceDate "2007.11.01"]
[SourceVersion "1"]
[SourceVersionDate "2007.11.01"]
[SourceQuality "1"]

1. Nf3 e6 2. c4 f5 3. g3 Nf6 4. Bg2 Be7 5. 0-0 0-0 6. Nc3 Bb4 7. Qb3 Bxc3 8. Qxc3 d6 9. d4 Ne4 10. Qc2 Nc6 11. Rd1 Qe7 12. a3 a5 13. b3 Nd8 14. Bb2 g5 15. c5 d5 16. Ne5 Nf7 17. Rac1 Nxe5 18. dxe5 g4 19. f3 Ng5 20. fxg4 f4 21. h4 fxg3 22. Rf1 Rxf1+ 23. Rxf1 Ne4 24. Bxe4 dxe4 25. Rf6 Bd7 26. Bd4 Bc6 27. e3 Rf8 28. Qg2 Rxf6 29. exf6 Qd7 30. Qxg3 e5 31. Qxe5 Qxg4+ 32. Kf2 Qxh4+ 33. Ke2 Bb5+ 34. Kd2 Qf2+ 35. Kc1 Qg1+ 36. Kb2 Qf2+ 37. Ka1 Qg1+ 38. Ka2 Qg2+ 39. Bb2 Qg6 40. Qe6+ Qf7 41. Qc8+ Be8 42. a4 c6 43. Bc3 h5 44. Bxa5 Kh7 45. Bc7 Qd7 1/2-1/2